| 000 | 00503nam a2200145 4500 | ||
|---|---|---|---|
| 008 | 010815s1972 us engYA | ||
| 090 |
_aBS440 _bF21 |
||
| 100 | 1 | _aBrodsky, Marvin Alyn | |
| 245 | 1 | 0 |
_aThe family Bible encyclopedia / _cedited by Marvin Alyn Brodsky. |
| 260 |
_aNew York : _bCopylab Publishing Counsel, _cInc., _cc1972. |
||
| 300 |
_a22 volumes : _bill. |
||
| 500 | _aAn ecumenical product. | ||
| 650 | 4 |
_aBible _xDictionaries. |
|
| 951 |
_p5585 _oBS440/F21-XXII _j070613110945046 _d2000-12-21 _cREF |
||
| 999 |
_c2894 _d2894 |
||